| 000 | 00775nam a22002177a 4500 | ||
|---|---|---|---|
| 999 |
_c13190 _d13190 |
||
| 003 | AR-CdUCM | ||
| 008 | 190411b ||||| |||| 00| 0 spa d | ||
| 040 |
_aMUNICIPALIDAD PROVINCIAL DEL CUSCO _cBIBLIOTECA MUNICIPAL DEL CUSCO |
||
| 082 |
_a372.4 / _bS59 |
||
| 100 |
_aCleon Skousen, W. _931426 |
||
| 245 | _aEl hijo año tras año / | ||
| 260 |
_aMadrid : _bDaimon, _c1965. |
||
| 300 |
_a264 páginas ; _c19 cm. |
||
| 505 | _aContenido : Como se haciendo el niño -- Feliz y desvalido -- DEl angelito gordinflón -- La edad de la sin razón -- El comienzo de la infancia ... | ||
| 650 |
_aSociología _9276 |
||
| 650 |
_aEl niño _931427 |
||
| 650 |
_aPsicología _91538 |
||
| 700 |
_aGonsalez Blanco, Cesar _931428 |
||
| 942 |
_2ddc _cLIBROS |
||
| 945 |
_arah _d11/04/2019 |
||